000 00528nam a2200181Ia 4500
008 100920s9999 xx 000 0 und d
082 _b56946
_a--- थ 88
100 _aकर्णिक हेमंत.
245 _aअहिंसा.
260 _bआशिष प्रकाशन, पुणे.
_c1988
300 _a146
_bसाधी
365 _b55
520 _aकादंबरी.
630 _aअहिंसा.
650 _aकादंबरी.
730 _aअहिंसा.
942 _cBOOK
999 _c700951
_d700948